| 000 | 00462nam a22001812 4500 | ||
|---|---|---|---|
| 001 | 0000005593 | ||
| 005 | 20151217160108.0 | ||
| 008 | 070619s xx 000 0 eng d | ||
| 040 |
_aKABU _cKABU |
||
| 050 | 0 |
_aPZ7 _b.O4O59 |
|
| 100 | 1 |
_aOmolo, Leo Odera. _@0000156841 |
|
| 245 | 1 | 0 | _aOnyango's triumph. |
| 260 |
_aNairobi : _bEAPH, _c1968. |
||
| 300 | _a47 p. | ||
| 908 | _a070619 | ||
| 950 | _@1 | ||
| 999 |
_c14161 _d14161 |
||